Sermoens, en que se contem Sermoens de diversos Santos, de Nacimiento de príncipes, et exéquias

Detalles Bibliográficos
Autor principal: DOS REYES, Manuel
Formato: Libro
Publicado: Evora 1724
Materias:
Colección:Banco de datos
Acervo:Biblioteca del Ex Convento de Nuestra Señora de Guadalupe. Zacatecas
Descripción Física:3a. parte
Tema general:Homilética
Notas:Regular. VI,1,1(1690). La guarda presenta varias grafías particulares. Sin marca de fuego
LEADER 00815nam a22002050004500
035 |a 39498 
036 |a 682 
100 1 |a DOS REYES, Manuel 
245 1 0 |a Sermoens, en que se contem Sermoens de diversos Santos, de Nacimiento de príncipes, et exéquias 
260 |a Evora  |b imp. Oficina de las universidades  |c 1724 
300 |a 3a. parte 
500 |a Regular. VI,1,1(1690). La guarda presenta varias grafías particulares. Sin marca de fuego 
650 1 0 |a Homilética 
949 |a CRZ-CG 
959 |a Ex convento de Nuestra Señora de Guadalupe, Museo Regional de Zacatecas, Zacatecas  |b CCC4 
960 |a Convento de Nuestra Señora de Guadalupe, Zacatecas  |b DD87 
961 |a Franciscana  |b OF 
942 |c CRZ-CG 
943 |g Biblioteca del Ex Convento de Nuestra Señora de Guadalupe. Zacatecas 
999 |c 963625  |d 963625